| 000 | 00000nas 2200000za 4500 |
| 001 | 9.818326 |
| 003 | CaOODSP |
| 005 | 20250303104652 |
| 007 | cr ||||||||||| |
| 008 | 160525d19671971xxc x m o||||f0 |0eng|d |
| 040 | |aCaOODSP|beng |
| 043 | |an-cn--- |
| 086 | 1 |aA54-2E-pdf |
| 130 | 0 |aHistorical series (Canada. Department of Agriculture) |
| 245 | 00|aHistorical series |h[electronic resource] / |bCanada Department of Agriculture. |
| 260 | |a[Ottawa] : |bDept. of Agriculture, |c[1967-1971]. |
| 310 | |aIrregular |
| 362 | 0 |aNo. 1-[no. 7]. |
| 650 | 0|aAgriculture|zCanada|xHistory. |
| 710 | 1 |aCanada. |bDepartment of Agriculture. |
| 775 | 08|tSérie historique |w(CaOODSP)9.902187 |
| 785 | 00|tHistorical series |w(CaOODSP)9.818328 |